00234nam a22000977a 4500082001500000100001700015245007200032260001400104300000800118650001000126 a225.52 WEN aWenger, John aThe New Testment of Our Lord and Saviour Jessus Christ: In Sanscrit aUSAc1851 a666 aBible